000
00326nam a2200109Ia 4500
008
200302s9999 xx 000 0 und d
100
_a
Janet R. Strachan & Others
245
_a
The Plain Language Guide to the World Summit on Sustainable Development
260
_b
EarthScan Publications Ltd.
260
_c
2006
300
_a
253 P.,
999
_c
5714
_d
5714